Business Statistic in Practice (Record no. 5069)

MARC details
005 - DATE AND TIME OF LATEST TRANSACTION
control field 20250625131857.0
020 ## - INTERNATIONAL STANDARD BOOK NUMBER
International Standard Book Number 0-07-232058-3
082 ## - DEWEY DECIMAL CLASSIFICATION NUMBER
Classification number 519.5 BOW
100 ## - MAIN ENTRY--PERSONAL NAME
Author name BOWERMAN,, B. L.
245 ## - TITLE STATEMENT
Title Business Statistic in Practice
250 ## - EDITION STATEMENT
Edition statement 2nd Ed.
260 ## - PUBLICATION, DISTRIBUTION, ETC.
Place of publication, distribution, etc. New York,
Name of publisher, distributor, etc. McGraw Hill,
Date of publication, distribution, etc. 2001.
300 ## - PHYSICAL DESCRIPTION
Extent xxiii, 849p.;ill.; figure, table, picture
Other physical details Reference & Index
Dimensions 27cm
700 ## - ADDED ENTRY--PERSONAL NAME
Other authors/Editors O'CONNEL, R. T. & HAND, M. L.
942 ## - ADDED ENTRY ELEMENTS (KOHA)
Source of classification or shelving scheme Dewey Decimal Classification
Koha item type Books
Holdings
Date last seen Total checkouts Full call number Barcode Cost, replacement price Price effective from Koha item type Lost status Source of classification or shelving scheme Damaged status Not for loan Withdrawn status Home library Current library Shelving location Date acquired Cost, normal purchase price
06/25/2025   519.5 BOW DOM0001016 255000.00 06/25/2025 Books   Dewey Decimal Classification       CBE Dodoma CBE Dodoma General Collection 02/25/2005 85000.00